Central Library OPAC University of Rajshahi

উরাঁও সম্প্রদায়ের সমাজ ও সংস্কৃতি / (Record no. 45663)

MARC details
000 -LEADER
fixed length control field 00901nam a2200229 a 4500
001 - CONTROL NUMBER
control field 45663
003 - CONTROL NUMBER IDENTIFIER
rucl marc code BD-RjUL
005 - DATE AND TIME OF LATEST TRANSACTION
control field 20211209054042.0
008 - FIXED-LENGTH DATA ELEMENTS--GENERAL INFORMATION
fixed length control field 160727s2016 bg ||||| |||| 00| 0 ben d
020 ## - INTERNATIONAL STANDARD BOOK NUMBER
International Standard Book Number 9789849149279
Terms of availability : Tk. 250.00
035 ## - SYSTEM CONTROL NUMBER
System control number (BD-RjUL)45781
040 ## - CATALOGING SOURCE
Original cataloging agency BD-RjUL
Language of cataloging ben
Transcribing agency BD-RjUL
Modifying agency BD-RjUL
041 ## - LANGUAGE CODE
Language code of text/sound track or separate title ben
082 ## - DEWEY DECIMAL CLASSIFICATION NUMBER
Edition number 23
Classification number 305.89483
Author mark and year BIO 2016
100 ## - MAIN ENTRY--PERSONAL NAME
Personal name বিশ্বাস, উদয় শংকর
9 (RLIN) 120308
245 10 - TITLE STATEMENT
Title উরাঁও সম্প্রদায়ের সমাজ ও সংস্কৃতি /
Statement of responsibility, etc. উদয় শংকর বিশ্বাস
260 ## - PUBLICATION, DISTRIBUTION, ETC. (IMPRINT)
Place of publication, distribution, etc. ঢাকা:
Name of publisher, distributor, etc. আপন প্রকাশ,
Date of publication, distribution, etc. ২০১৬
300 ## - PHYSICAL DESCRIPTION
Pagination ১৬০ পৃ. :
Illustrations চিত্র ;
Size ২২ সেমি.
650 ## - SUBJECT ADDED ENTRY--TOPICAL TERM
Topical term or geographic name as entry element ওরাঁও সমাজ
Geographic subdivision বাংলাদেশ
9 (RLIN) 139788
Topical term or geographic name as entry element Oraon Society
Geographic subdivision Bangladesh
9 (RLIN) 139789
942 ## - ADDED ENTRY ELEMENTS (KOHA)
Source of classification or shelving scheme Dewey Decimal Classification
Koha item type Books
Holdings
Lost status Source of classification or shelving scheme Damaged status Not for loan Collection code Permanent Location Current Location Shelving location Date acquired Source of acquisition Cost, normal purchase price Total Checkouts Full call number Date last seen Copy number Koha item type Date checked out
  Dewey Decimal Classification   Not For Loan Non-fiction Central Library, University of Rajshahi Central Library, University of Rajshahi Reading Room 04/06/2016 Author, Dept. of Folklore, R. U. 250.00   B 305.89483 BIO 2016 27/07/2016 C-1 Books  
  Dewey Decimal Classification     Non-fiction Central Library, University of Rajshahi Central Library, University of Rajshahi   04/06/2016 Author, Dept. of Folklore, R. U. 250.00 8 B 305.89483 BIO 2016 28/11/2024 C-2 Books 12/11/2024
  Dewey Decimal Classification     Non-fiction Central Library, University of Rajshahi Central Library, University of Rajshahi   04/06/2016 Author, Dept. of Folklore, R. U. 250.00 1 B 305.89483 BIO 2016 05/01/2022 C-3 Books 20/12/2021
  Dewey Decimal Classification     Non-fiction Central Library, University of Rajshahi Central Library, University of Rajshahi   04/06/2016 Author, Dept. of Folklore, R. U. 250.00   B 305.89483 BIO 2016 27/07/2016 C-4 Books  
  Dewey Decimal Classification     Non-fiction Central Library, University of Rajshahi Central Library, University of Rajshahi   04/06/2016 Author, Dept. of Folklore, R. U. 250.00 5 B 305.89483 BIO 2016 02/03/2022 C-5 Books 03/02/2022